000 01091cam a2200301 4500
001 J2978
008 090401t1995 xxu||||| |||| 00| 0 eng d
035 _a(Sirsi) u52344
041 _aeng
050 _a692.8
090 _aJCT 1995/1AC
110 _aJoint Contracts Tribunal
_93664
245 _aStandard Forms of Building Contract. Practice Note 27: The application of the Construction (Design and Management) Regulations 1994 (CDM Regulations) to contracts on JCT Standard Forms of Contract: amendments dated March 1995.
260 _aLondon
_bRIBA Publications
_c1995
300 _a32p. ; 30cm.
350 _a8.5
490 _aJCT Practice Note
_v27
650 _aBUILT ENVIRONMENT-BUILDING CONTRACT FORMS
650 _aCONSTRUCTION (DESIGN AND MANAGEMENT) REGULATIONS 1994
650 _aCONDAM REGULATIONS
650 _aCONSTRUCTION (DESIGN AND MANAGEMENT) REGULATIONS 1994
650 _aHEALTH AND SAFETY
_96244
650 _aPRACTICE NOTE 27
650 _aSUBCONTRACTS
690 _aBUILT ENVIRONMENT-BUILDING CONTRACT FORMS
942 _n0
948 _c04/03/1997
999 _c93038
_d93038